Análisis de riesgos del área de Bagazo de Caldera
Se trata de presentar un análisis de los diferentes factores de riesgo a que se encuentran sometidos los trabajadores del área de bagazo de caldera de una central azucarera, con el fin de que sirva de instrumento para que los trabajadores y administradores de la empresa conozcan los riesgos, causa...
| Main Author: | |
|---|---|
| Other Authors: | |
| Format: | Tesis Section = Libro |
| Language: | Undetermined Spanish |
| Published: |
Managua
UNI
2000
|
| Subjects: |
| LEADER | 01094nam a2200229Ia 4500 | ||
|---|---|---|---|
| 008 | 240830s9999 xx 000 0 und d | ||
| 040 | |a BIBLIOTECA-RUPAP Mon 658.38 P839 | ||
| 041 | |a spa | ||
| 082 | |a Mon 658.38 P839 | ||
| 100 | 1 | |a Portocarrero Valenzuela, Armida | |
| 245 | 1 | 0 | |a Análisis de riesgos del área de Bagazo de Caldera |
| 260 | |a Managua |b UNI |c 2000 | ||
| 300 | |a 99 p. :il. | ||
| 500 | |a Contiene: anexos. | ||
| 502 | |a Tesis (Análisis de alimentos)- UNI, 2000. | ||
| 520 | 3 | |a Se trata de presentar un análisis de los diferentes factores de riesgo a que se encuentran sometidos los trabajadores del área de bagazo de caldera de una central azucarera, con el fin de que sirva de instrumento para que los trabajadores y administradores de la empresa conozcan los riesgos, causas y consecuencias a que están expuestos en sus diferentes áreas y puestos de trabajo, así como las formas de identificar, prevenir y eliminar riesgos. | |
| 650 | 7 | |a SEGURIDAD INDUSTRIAL | |
| 650 | 7 | |b MEDIDAS DE SEGURIDAD | |
| 700 | 1 | |a Tutor: | |
| 942 | |c BK |2 ddc | ||
| 991 | |a TESIS | ||
| 999 | |c 17155 | ||